| 000 | 00607cam a2200145 4500500 | ||
|---|---|---|---|
| 005 | 20251228083033.0 | ||
| 041 | _afre | ||
| 042 | _adc | ||
| 100 | 1 | 0 |
_aEsmein-Sarrazin, Camille _eauthor |
| 245 | 0 | 0 | _aCharles Sorel polygraphe, textes rassemblés par Emmanuel Bury et édités par Éric Van der Schueren, Québec, Les Presses de l’Université Laval, 2006, 480 p. |
| 260 | _c2011. | ||
| 500 | _a21 | ||
| 786 | 0 | _nDix-septième siècle | 252 | 3 | 2011-07-01 | p. 581d-604d | 0012-4273 | |
| 856 | 4 | 1 | _uhttps://shs.cairn.info/revue-dix-septieme-siecle-2011-3-page-581d?lang=fr&redirect-ssocas=7080 |
| 999 |
_c1600383 _d1600383 |
||